Flexibility and responsiveness in the Ghana economy : post decline atrophy syndrome (Record no. 93)

MARC details
000 -LEADER
fixed length control field 00512nam a2200169Ia 4500
008 - FIXED-LENGTH DATA ELEMENTS--GENERAL INFORMATION
fixed length control field 240428s9999||||xx |||||||||||||| ||und||
020 ## - INTERNATIONAL STANDARD BOOK NUMBER
International Standard Book Number 9964969104
041 ## - LANGUAGE CODE
Language code of text/sound track or separate title fre
082 ## - DEWEY DECIMAL CLASSIFICATION NUMBER
Classification number 338.96
100 ## - MAIN ENTRY--PERSONAL NAME
Personal name Frimpong-Ansah, Jonathan H
245 #0 - TITLE STATEMENT
Title Flexibility and responsiveness in the Ghana economy : post decline atrophy syndrome
260 ## - PUBLICATION, DISTRIBUTION, ETC.
Name of publisher, distributor, etc. Ghana Aademy Arts &Science
Place of publication, distribution, etc. Accra
Date of publication, distribution, etc. 1996
300 ## - PHYSICAL DESCRIPTION
Extent ix, 83p.
650 ## - SUBJECT ADDED ENTRY--TOPICAL TERM
Topical term or geographic name entry element Ghana -- Economic conditions -- 1979 - Ghana economic olicy
942 ## - ADDED ENTRY ELEMENTS (KOHA)
Koha item type Inaugural Lecture
Holdings
Withdrawn status Lost status Damaged status Not for loan Home library Current library Shelving location Date acquired Total checkouts Full call number Date last seen Copy number Price effective from Koha item type
        Main Library Main Library Open Shelves 29/07/2021   338.96 F 414 C1 29/04/2024 1 29/04/2024 Inaugural Lecture
©2026  Parliament of Ghana Library - All rights reserved